00421nam a2200181Ia 4500003000400000005001700004008004100021020001800062040000700080041000800087082001300095100002200108245003100130260003400161300001400195365001300209650001700222OSt20230505134009.0210423s2004 xx 000 0 und d a81-8094-003-9 cAL aeng a576 VIJE aVIJAYA (Ramesh K) aEnvironmental microbiology aChennaibMJP Publishersc2004 ax,396bPB b180cINR aMicrobiology